| 000 | 00645nam a22001817a 4500 | ||
|---|---|---|---|
| 003 | PILC | ||
| 005 | 20150507135044.0 | ||
| 008 | 150507b xxu||||| |||| 00| 0 eng d | ||
| 020 | _a9715131816 | ||
| 050 |
_aRT 81.5 _b.As839 2005 |
||
| 100 | _aAsperas, Carlito Manalaysay. | ||
| 245 |
_aIntroduction to basic nursing research : _btrends, methods, & applications a text-workbook / _cCarlito Manalaysay Asperas. |
||
| 260 |
_aMalabon, Philippines : _bGiuani Print House, _c2005. |
||
| 300 |
_a258 pages : _billustrations ; _c27 cm. |
||
| 500 | _aIncludes bibliographic reference, appendix and glossary. | ||
| 650 | _aNursing. | ||
| 942 |
_2lcc _cBK |
||
| 999 |
_c283889 _d283889 |
||